00447 2200169 4500001002100000005001500021035002000036245005400056100002700110250000600137300002900143260004500172082001400217084002000231020001800251990000800269INLIS00000000000021920190311094326 a0010-03190000361 aSalam Terakhir Sherlock Holmes /cDaisy Dianasari0 aSir Arthur Conan Doyle a1 a320 hlm :bilus ;c18 cm aJakarta :bGramedia Pustaka Utama,c1994 a899.221'3 a899.221'3 SIR s a979-22-3751-8 a614